00213nam a2200085Ia 4500008004100000100001500041245002300056260004000079300000800119201210s9999 xx 000 0 und d aLamb, John 0aOil tanker cargoes aLondonbCharles Griffin & Co.c1954 a208